Boj o klimatické cíle začal
Pohľad na európsku klimatickú politiku.
Guardado en:
| Autor principal: | |
|---|---|
| Formato: | Capítulo de libro |
| Lenguaje: | checo |
| Materias: | |
| Etiquetas: |
Sin Etiquetas, Sea el primero en etiquetar este registro!
|
MARC
| LEADER | 00000naa a2200000 4500 | ||
|---|---|---|---|
| 001 | 0190158 | ||
| 005 | 20221104123334.8 | ||
| 041 | 0 | |a cze | |
| 044 | |a CZ | ||
| 245 | 1 | 0 | |a Boj o klimatické cíle začal |c Eva Vítková |
| 520 | |a Pohľad na európsku klimatickú politiku. | ||
| 610 | 2 | 0 | |a zmeny klimatické |
| 610 | 2 | 0 | |a politika energetická |
| 610 | 2 | 0 | |a politika environmentálna |
| 610 | 2 | 0 | |a Európa |
| 610 | 2 | 0 | |a emisie |
| 100 | 1 | |a Vítková, Eva | |